LIBRARY & INFORMATION CENTRE, KCAET, TAVANUR

ONLINE PUBLIC ACCESS CATALOGUE (OPAC)

Basic Electronics:Devices, Circuits and IT Fundamentals (Record no. 14457)

MARC details
000 -LEADER
fixed length control field 00389nam a22001457a 4500
003 - CONTROL NUMBER IDENTIFIER
control field OSt
008 - FIXED-LENGTH DATA ELEMENTS--GENERAL INFORMATION
fixed length control field 250106b |||||||| |||| 00| 0 eng d
020 ## - INTERNATIONAL STANDARD BOOK NUMBER
ISBN 9788120319523
082 ## - DEWEY DECIMAL CLASSIFICATION NUMBER
Classification number 621.381
Item number SAN/BA
100 ## - MAIN ENTRY--AUTHOR NAME
Personal name Santiram,Kal
245 ## - TITLE STATEMENT
Title Basic Electronics:Devices, Circuits and IT Fundamentals
260 ## - PUBLICATION, DISTRIBUTION, ETC. (IMPRINT)
Place of publication Delhi
Name of publisher PHI Learning Private Limited
Year of publication 2013
300 ## - PHYSICAL DESCRIPTION
Number of Pages 575
942 ## - ADDED ENTRY ELEMENTS (KOHA)
Koha item type Books
Holdings
Withdrawn status Lost status Damaged status Collection code Home library Current library Shelving location Date acquired Source of acquisition Cost, normal purchase price Full call number Accession Number Koha item type
        KAUAET KAUAET General Stacks 04/07/2016 Aman Book Stall, Calicut 350.00 621.381 SAN/BA 24992 Books
        KAUAET KAUAET General Stacks 04/07/2016 Aman Book Stall, Calicut 350.00 621.381 SAN/BA 24993 Books
free website counter